Artifacts of the Spanish Colonies of Florida and the Caribbean, 1500-1800 (Record no. 418)

MARC details
000 -CABECERA
campo de control de longitud fija 01102nam a2200289 a 4500
001 - NÚMERO DE CONTROL
campo de control BRCA_484
005 - FECHA Y HORA DE LA ÚLTIMA TRANSACCIÓN
campo de control 20190320203030.0
008 - DATOS DE LONGITUD FIJA--INFORMACIÓN GENERAL
campo de control de longitud fija 860911s1987----dcua---##b---f001-0#eng-d
020 ## - NÚMERO INTERNACIONAL ESTÁNDAR DEL LIBRO
Número Internacional Estándar del Libro 0874743923 (v. 1)
020 ## - NÚMERO INTERNACIONAL ESTÁNDAR DEL LIBRO
Número Internacional Estándar del Libro 0874743931 (pbk. : v. 1)
040 ## - FUENTE DE LA CATALOGACIÓN
Centro catalogador/agencia de origen DLC
Centro/agencia transcriptor DLC
Centro/agencia modificador DLC
050 #4 - SIGNATURA TOPOGRÁFICA DE LA BIBLIOTECA DEL CONGRESO
Número de clasificación F2172
Número de documento/Ítem .D43 1987
100 1# - ENTRADA PRINCIPAL--NOMBRE DE PERSONA
Nombre de persona Deagan, Kathleen A.
9 (RLIN) 1664
245 10 - MENCIÓN DE TÍTULO
Título Artifacts of the Spanish Colonies of Florida and the Caribbean, 1500-1800
Mención de responsabilidad, etc. Kathleen Deagan ; photographs and drawings by James H. Quine.
260 ## - PUBLICACIÓN, DISTRIBUCIÓN, ETC.
Lugar de publicación, distribución, etc. Washington, D.C.
Nombre del editor, distribuidor, etc. Smithsonian Institution Press
Fecha de publicación, distribución, etc. 1987
300 ## - DESCRIPCIÓN FÍSICA
Extensión 222 p.
Otras características físicas il.
Dimensiones 25 cm
500 ## - NOTA GENERAL
Nota general Incluye glosario e índice alfabético
504 ## - NOTA DE BIBLIOGRAFÍA, ETC.
Nota de bibliografía, etc. Bibliografía : p. 193-212
505 0# - NOTA DE CONTENIDO CON FORMATO
Nota de contenido con formato Contenido : v. 1. Ceramics, Glassware, and Beads
650 14 - PUNTO DE ACCESO ADICIONAL DE MATERIA--TÉRMINO DE MATERIA
Término de materia o nombre geográfico como elemento de entrada Cerámica
Subdivisión cronológica Siglo XVI-XIX
Subdivisión geográfica Caribe (Región)
9 (RLIN) 1665
650 14 - PUNTO DE ACCESO ADICIONAL DE MATERIA--TÉRMINO DE MATERIA
Término de materia o nombre geográfico como elemento de entrada Españoles
Subdivisión general Antigüedades
Subdivisión geográfica Caribe (Región)
9 (RLIN) 1666
650 14 - PUNTO DE ACCESO ADICIONAL DE MATERIA--TÉRMINO DE MATERIA
Término de materia o nombre geográfico como elemento de entrada Españoles
Subdivisión general Antigüedades
Subdivisión geográfica Florida
9 (RLIN) 1667
651 #4 - PUNTO DE ACCESO ADICIONAL DE MATERIA--NOMBRE GEOGRÁFICO
Nombre geográfico Caribe (Región)
Subdivisión general Antigüedades
9 (RLIN) 1668
651 #4 - PUNTO DE ACCESO ADICIONAL DE MATERIA--NOMBRE GEOGRÁFICO
Nombre geográfico Florida
Subdivisión general Antigüedades
9 (RLIN) 1669
700 1# - PUNTO DE ACCESO ADICIONAL--NOMBRE DE PERSONA
Nombre de persona Quine, James H
9 (RLIN) 1670
942 ## - ELEMENTOS DE PUNTO DE ACCESO ADICIONAL (KOHA)
Fuente del sistema de clasificación o colocación Library of Congress Classification
Tipo de ítem Koha Libros
Holdings
Estado de retiro Estado de pérdida Estado dañado No para préstamo Localización permanente Ubicación/localización actual Fecha de adquisición Total de préstamos Signatura topográfica completa Código de barras Fecha visto por última vez Precio válido a partir de Tipo de ítem Koha
El ejemplar forma parte de la colección y puede ser consultado según las políticas vigentes.       Biblioteca del Museo Franz Mayer (Rogerio Casas-Alatriste) Biblioteca del Museo Franz Mayer (Rogerio Casas-Alatriste) 25/06/2008   F2172 .D43 1987 00785 22/03/2019 22/03/2019 Libros